<?xml version="1.0" encoding="UTF-8"?>
<collection xmlns="http://www.loc.gov/MARC21/slim">
 <record>
  <leader>01817nam a22002417a 4500</leader>
  <controlfield tag="001">NCT_41433</controlfield>
  <controlfield tag="008">180615b        xxu||||| |||| 00| 0 vie d</controlfield>
  <datafield tag="999" ind1=" " ind2=" ">
   <subfield code="c">1991</subfield>
   <subfield code="d">1991</subfield>
  </datafield>
  <datafield tag="020" ind1=" " ind2=" ">
   <subfield code="c">67000</subfield>
  </datafield>
  <datafield tag="082" ind1="0" ind2="4">
   <subfield code="2">23rd ed.</subfield>
   <subfield code="a">153.6</subfield>
   <subfield code="b">V115</subfield>
  </datafield>
  <datafield tag="100" ind1="1" ind2=" ">
   <subfield code="a">Tăng Văn</subfield>
  </datafield>
  <datafield tag="245" ind1="1" ind2="0">
   <subfield code="a">Những sai lầm trong xử thế</subfield>
   <subfield code="c">Tăng Văn</subfield>
  </datafield>
  <datafield tag="260" ind1=" " ind2=" ">
   <subfield code="a">TP Hồ Chí Minh</subfield>
   <subfield code="b">Thanh Hóa</subfield>
   <subfield code="c">2016</subfield>
  </datafield>
  <datafield tag="300" ind1=" " ind2=" ">
   <subfield code="a">191 tr.</subfield>
   <subfield code="c">21cm</subfield>
  </datafield>
  <datafield tag="520" ind1="3" ind2=" ">
   <subfield code="a">Thông qua những câu chuyện giản dị có thật trong cuốn sách NHỮNG SAI LẦM TRONG XỬ THẾ, bạn có thể rút ra những kinh nghiệm thấm thía cho bản thân để không bao giờ đi vào vết xe đổ của người khác và tìm được con đường ít gập ghềnh hơn hướng đến cuộc sống thành công và hạnh phúc.</subfield>
  </datafield>
  <datafield tag="653" ind1=" " ind2=" ">
   <subfield code="a">Quan hệ công chúng</subfield>
  </datafield>
  <datafield tag="942" ind1=" " ind2=" ">
   <subfield code="2">ddc</subfield>
   <subfield code="c">BK</subfield>
  </datafield>
  <datafield tag="952" ind1=" " ind2=" ">
   <subfield code="0">0</subfield>
   <subfield code="1">0</subfield>
   <subfield code="2">ddc</subfield>
   <subfield code="4">0</subfield>
   <subfield code="6">153_600000000000000_V115</subfield>
   <subfield code="7">0</subfield>
   <subfield code="9">10646</subfield>
   <subfield code="a">000001</subfield>
   <subfield code="b">000001</subfield>
   <subfield code="d">2018-06-15</subfield>
   <subfield code="o">153.6 V115</subfield>
   <subfield code="p">MD.09220</subfield>
   <subfield code="r">2018-06-15</subfield>
   <subfield code="v">67000.00</subfield>
   <subfield code="w">2018-06-15</subfield>
   <subfield code="y">BK</subfield>
  </datafield>
  <datafield tag="952" ind1=" " ind2=" ">
   <subfield code="0">0</subfield>
   <subfield code="1">0</subfield>
   <subfield code="2">ddc</subfield>
   <subfield code="4">0</subfield>
   <subfield code="6">153_600000000000000_V115</subfield>
   <subfield code="7">0</subfield>
   <subfield code="9">10647</subfield>
   <subfield code="a">000001</subfield>
   <subfield code="b">000001</subfield>
   <subfield code="d">2018-06-15</subfield>
   <subfield code="l">2</subfield>
   <subfield code="o">153.6 V115</subfield>
   <subfield code="p">MD.09221</subfield>
   <subfield code="r">2020-03-26</subfield>
   <subfield code="s">2020-01-06</subfield>
   <subfield code="v">67000.00</subfield>
   <subfield code="w">2018-06-15</subfield>
   <subfield code="y">BK</subfield>
  </datafield>
  <datafield tag="952" ind1=" " ind2=" ">
   <subfield code="0">0</subfield>
   <subfield code="1">0</subfield>
   <subfield code="2">ddc</subfield>
   <subfield code="4">0</subfield>
   <subfield code="6">153_600000000000000_V115</subfield>
   <subfield code="7">0</subfield>
   <subfield code="9">10648</subfield>
   <subfield code="a">000001</subfield>
   <subfield code="b">000001</subfield>
   <subfield code="d">2018-06-15</subfield>
   <subfield code="l">3</subfield>
   <subfield code="o">153.6 V115</subfield>
   <subfield code="p">MD.09222</subfield>
   <subfield code="r">2020-01-15</subfield>
   <subfield code="s">2020-01-02</subfield>
   <subfield code="v">67000.00</subfield>
   <subfield code="w">2018-06-15</subfield>
   <subfield code="y">BK</subfield>
  </datafield>
  <datafield tag="952" ind1=" " ind2=" ">
   <subfield code="0">0</subfield>
   <subfield code="1">0</subfield>
   <subfield code="2">ddc</subfield>
   <subfield code="4">0</subfield>
   <subfield code="6">153_600000000000000_V115</subfield>
   <subfield code="7">0</subfield>
   <subfield code="9">10649</subfield>
   <subfield code="a">000001</subfield>
   <subfield code="b">000001</subfield>
   <subfield code="d">2018-06-15</subfield>
   <subfield code="l">2</subfield>
   <subfield code="m">1</subfield>
   <subfield code="o">153.6 V115</subfield>
   <subfield code="p">MD.09223</subfield>
   <subfield code="r">2020-06-26</subfield>
   <subfield code="s">2020-06-08</subfield>
   <subfield code="v">67000.00</subfield>
   <subfield code="w">2018-06-15</subfield>
   <subfield code="y">BK</subfield>
  </datafield>
  <datafield tag="952" ind1=" " ind2=" ">
   <subfield code="0">0</subfield>
   <subfield code="1">0</subfield>
   <subfield code="2">ddc</subfield>
   <subfield code="4">0</subfield>
   <subfield code="6">153_600000000000000_V115</subfield>
   <subfield code="7">0</subfield>
   <subfield code="9">10650</subfield>
   <subfield code="a">000001</subfield>
   <subfield code="b">000001</subfield>
   <subfield code="d">2018-06-15</subfield>
   <subfield code="l">2</subfield>
   <subfield code="o">153.6 V115</subfield>
   <subfield code="p">MD.09224</subfield>
   <subfield code="q">2022-02-27</subfield>
   <subfield code="r">2022-02-12</subfield>
   <subfield code="s">2022-02-12</subfield>
   <subfield code="v">67000.00</subfield>
   <subfield code="w">2018-06-15</subfield>
   <subfield code="y">BK</subfield>
  </datafield>
  <datafield tag="980" ind1=" " ind2=" ">
   <subfield code="a">Thư viện Trường Đại học Nam Cần Thơ</subfield>
  </datafield>
 </record>
</collection>
